| 000 | 00645nam a2200229Ia 4500 | ||
|---|---|---|---|
| 008 | 160418s9999 xx 000 0 und d | ||
| 020 | _a971-574-082-0 | ||
| 050 | _aFIL 793.31 | ||
| 050 | _b.T85 2004 c.4 | ||
| 100 | _aTulio, Doris D. | ||
| 245 | _aFundamental rhythmic activities : | ||
| 245 | _bP.E. 2 / | ||
| 245 | _cDoris D. Tulio… [et al] | ||
| 260 | _aQuezon City: | ||
| 260 | _bKatha Pub. Co., Inc., | ||
| 260 | _c2004 | ||
| 300 | _a163 pages : | ||
| 300 | _billustrations ; | ||
| 300 | _c26 cm. | ||
| 650 | _aPhysical education for college students. | ||
| 650 | _xPhysical education and training -- Study and teaching. | ||
| 999 |
_c293373 _d293373 |
||